000 00667nam a2200217 a 4500
001 000016203
005 20200929164322.0
008 100301s1997 dr 000 0 spa d
040 _aDO-SdBNP
082 _a346.0434
_bF825c
100 1 _aFranco, Rafael
_925954
245 1 3 _aEl contrato de alquiler /
_cRafael Franco ; prólogo Luis José Bourget.
260 _aSanto Domingo :
_bAlfa y Omega,
_c1997.
300 _a418 p. ;
_c23 cm.
504 _aBibliografía p. 395-396
650 4 _aAlquileres
_936246
650 4 _aContratos de arrendamiento
_936247
650 4 _aArrendador y arrendatario
_936248
700 1 _aBourget, Luis José
_913927
049 _aBNPD
999 _c15741
_d15741